Escuelas y profesiones (Record no. 59913)

MARC details
000 -LEADER
campo de control de longitud fija 00526nam a2200157 i 4500
001 - NÚMERO DE CONTROL
campo de control 59913
003 - IDENTIFICADOR DE NÚMERO DE CONTROL
campo de control ES-MaACL
005 - FECHA Y HORA DE LA ÚLTIMA TRANSACCIÓN
campo de control 20230906164124.0
007 - CAMPO FIJO DE DESCRIPCIÓN FÍSICA--INFORMACIÓN GENERAL
campo de control de longitud fija t|
008 - DATOS DE LONGITUD FIJA--INFORMACIÓN GENERAL
campo de control de longitud fija 031031s1972 sp ||||1| spa d
245 00 - MENCIÓN DEL TÍTULO
Título Escuelas y profesiones
Resto del título : guía del estudiante /
Mención de responsabilidad, etc. redactada por Instituto de Ciencias de la Educación.
260 ## - PUBLICACIÓN, DISTRIBUCIÓN, ETC.
Lugar de publicación, distribución, etc. Barcelona :
Nombre del editor, distribuidor, etc. Teide,
Fecha de publicación, distribución, etc. [1972]
300 ## - DESCRIPCIÓN FÍSICA
Extensión 74 p. ;
Dimensiones 22 cm.
710 00 - ENTRADA AGREGADA--NOMBRE DE ENTIDAD CORPORATIVA
Nombre de entidad corporativa o nombre de jurisdicción como elemento de entrada Universidad de Barcelona.
Unidad subordinada Instituto de Ciencias de la Educación.
9 (RLIN) 7153
852 ## - LOCALIZACIÓN
Ubicación ES-MaACL
Número de control de estantería C-43732
Sublocalización o colección R.82852
Holdings
Estatus retirado Estado de pérdida Estado de daño No para préstamo Biblioteca de origen Biblioteca actual Ubicación en estantería Fecha de adquisición Fuente de adquisición Total de préstamos Signatura topográfica completa Código de barras Visto por última vez Precio de reemplazo Tipo de ítem Koha
        Biblioteca del Ateneo de Madrid Biblioteca del Ateneo de Madrid Depósito 2 17/01/2008     C-43732 1062836 23/02/2023 23/02/2023 Libro impreso